Last Week Tonight with John Oliver Trivia - Statistics

General Stats
  • This quiz has been taken 43 times
    37 since last reset
  • The average score is 9 of 14
Answer Stats
Hint Answer % Correct
Which politician does John Oliver bash most often? Donald Trump
97%
In which city does he live? New York
94%
Where is John Oliver from? United Kingdom
91%
On which television network will you find this programme? Home Box Office (HBO)
88%
Which part of his own appearance does Oliver make fun of? his {hair}/{nose}/{fingers}
79%
What happens to the word "Week" in the animated logo? it {turns}
76%
What is in the background of his videos? a {skyline}
64%
Who SLAPP-sued "Last Week Tonight"? Bob Murray
58%
Oliver founded a church called ... Our Lady of Perpetual Exemption
55%
What does John Oliver refer to AT&T as? Business daddy
52%
What is the mascot of Marlboro called, which Oliver invents? Jeff the Diseased Lung
48%
The evil-good scale begins with Hitler and ends with ... Tom Hanks
45%
Which romance movie actor is object of Olivers ridicule? Hugh Grant
15%
What is the easter egg found frequently in pictures? K-Y Jelly
3%
No matching quizzes found
Score Distribution
Percent of People with Each Score
Percentile by Number Answered
Your Score History
You have not taken this quiz since the last reset